000
00325nam a22001337a 4500
008
170824b xxu||||| |||| 00| 0 eng d
020
_a
9780321448040
041
_a
eng
080
_2
4 ED
_a
51
100
_a
38
101
_a
MAT
245
_a
MATHEMATICS FOR ELEMENTARY SCHOOL TEACHERS
_c
CHARLES.O
942
_2
udc
_c
BK
999
_c
24788
_d
24788